000 00952nam a22001817a 4500
003 OSt
005 20251119090000.0
008 251119b |||||||| |||| 00| 0 eng d
040 _cDCL
082 _a၂၉၄.၃၈၂၃၅၃
130 _aတိပိဋက။
_pသုတ္တန္တပိဋက။
_pခုဒ္ဒကနိကာယ။
_tဇာတက၊
_lအဋ္ဌကထာ၊
_sနိဿယ။
245 _aဇာတကအဋ္ဌကထာနိဿယ ၊
_bဇနကဇာတက။
264 _aရန်ကုန် ၊
_bကဝိမျက်မှန်စာပုံနှိပ်တိုက်၊
_c[၁၉၀၇?]။
300 _a၇၄-၂၀၀ စာမျက်နှာ ၊
_c၂၅ စင်တီ။
650 _aဇာတက
_vအဋ္ဌကထာနိဿယ။
650 _aစန္ဒကုမာရဇာတက
_xအဋ္ဌကထာနိဿယ။
942 _2ddc
_cSHORT TERM
_n0
999 _c2530
_d2530